| 000 | 00748nam a2200241Ia 4500 | ||
|---|---|---|---|
| 999 |
_c41069 _d41069 |
||
| 001 | 7718 | ||
| 003 | GE_BSU | ||
| 005 | 20210531131940.0 | ||
| 008 | 181216s2005||||enk|||||||||||||| ||eng|| | ||
| 020 | _a1852334312 | ||
| 040 | _cGE_BSU | ||
| 041 | _aeng | ||
| 080 | _a519.21 H-17 | ||
| 100 |
_aHaigh, John. _911918 |
||
| 245 |
_aProbability Models / _cJohn Haigh; Advisory Board: P.J.Cameron, M.A.J.Chaplain, K. Edman and other. |
||
| 264 |
_aLondon : _bSpringer, _c2005. |
||
| 300 |
_a256 p.; _b23 cm. |
||
| 440 |
_aSpringer Undergraduate Mathematics Series. _911919 |
||
| 653 | _aProbability Models. | ||
| 653 | _aალბათობის მოდელები | ||
| 653 | _aВероятностные модели | ||
| 942 |
_cBK _2udc |
||